| 000 | 00689nam a2200217 a 4500 | ||
|---|---|---|---|
| 999 |
_c9002 _d9002 |
||
| 001 | 9002 | ||
| 003 | BD-JhCC | ||
| 005 | 20180306195012.0 | ||
| 008 | 180306b1968 bg |||| |a|| 000 0 ben d | ||
| 035 | _a(BD-JhCC) 9002 | ||
| 040 |
_aBD-JhCC _dBD-JhCC |
||
| 041 | _aben | ||
| 082 |
_a923.1 _bHAL 1968 |
||
| 100 | _aহালী, সৈয়দ আলতাফ হোসেন | ||
| 245 |
_aস্যার সৈয়দ আহমদ / _cসৈয়দ আলতাফ হোসেন হালী |
||
| 260 |
_aঢাকা : _bবাংলা একাডেমী ঢাকা , _c1968 |
||
| 300 |
_a359 p .: _c22 cm . |
||
| 650 | _aBiography | ||
| 942 |
_2ddc _cBK |
||